عرض عادي
عرض مارك
- Weerasinghe, Dasun.
مدخل إسم شخص
001 - رقم الضبط
- حقل الضبط: 4081
003 - معرف رقم الضبط
- حقل الضبط: OSt
005 - تاريخ ووقت أخر عملية
- حقل الضبط: 20110907112441.0
008 - عناصر بيانات ثابتة الطول
- حقل تحكم ثابت الطول: 110907|||a|||||| | ||| d
040 ## - مصدر الفهرسة
- هيئة الفهرسة الأصلية: OSt
- وكالة الكتابة: OSt
100 ## - مدخل -- أسم شخص
- إسم شخص: Weerasinghe, Dasun.
670 ## - بيانات المصدر موجوده
- الاستشهاد بالمصدر: Work cat.: (OSt)0: eHealth 2008 (2008 : London, England) 4077, Electronic healthcare :, c2009.
